[Event "Dallas CC GP8 Amateur"]
[Site "Dallas"]
[Date "2002.01.20"]
[Round "5.13"]
[White "Banks, Timothy M"]
[Black "Tang, Jeffrey F"]
[Result "0-1"]
[WhiteElo "1514"]
[BlackElo "1420"]
[PlyCount "64"]
[EventDate "2002.01.19"]
[EventType "swiss"]
[EventRounds "5"]
[EventCountry "USA"]
[SourceTitle "EXT 2003"]
[Source "ChessBase"]
[SourceDate "2002.11.25"]
[SourceVersion "1"]
[SourceVersionDate "2002.11.25"]
[SourceQuality "1"]

1. e4 d6 2. d4 Nf6 3. Nc3 g6 4. Be2 Bg7 5. Be3 0-0 6. Nf3 Nbd7 7. Qd2 e5 8. d5 Re8 9. h4 h5 10. Ng5 Nf8 11. 0-0-0 a6 12. f3 b5 13. Rdg1 b4 14. Nd1 a5 15. Nf2 Rb8 16. g4 a4 17. Bc4 Qe7 18. f4 exf4 19. Bxf4 Bxg4 20. Nxg4 Nxg4 21. Rh3 a3 22. bxa3 bxa3 23. Rxa3 Bb2+ 24. Kd1 Bxa3 25. Bb3 Qf6 26. c3 Bc5 27. Re1 Nf2+ 28. Kc2 Nd7 29. Be3 Nxe4 30. Qd3 Nf2 31. Qd2 Qf5+ 32. Kb2 Nd3+ 0-1